000 00714nam a2200205 i 4500
001 55909
003 ES-MaACL
005 20250827063207.0
007 t|
008 030930s1945 sp a |||| | spa d
080 _a821.134.2-14"19"
100 1 _aCasariego, J. E.,
_d1913-1990
_936176
245 1 0 _aRomances modernos de toros, guerra y caza /
_cJ.E. Casariego ; prólogo de Agustín de Foxá ; epílogo de Manuel Machado.
260 _aMadrid :
_bE. María Alonso,
_c[1945] (
_fMarsiega)
300 _a53 p., principalmente il. ;
_c31 cm.
700 1 _aFoxá, Agustín de,
_d1903-1959
_952033
700 1 _aMachado, Manuel,
_d1874-1947
_975161
852 _aES-MaACL
_jB-10675
999 _c55909
_d55909